| 000 | 01152cam a2200205 a 4500 | ||
|---|---|---|---|
| 999 |
_c6259 _d6259 |
||
| 020 | _a9781754559 | ||
| 020 | _a9789781754555 | ||
| 050 | 0 | 0 |
_aP46 _b.A35A53 |
| 245 | 0 | 0 |
_aLanguage and literature in a developing country : _bessays in honour of Professor B.O.A. Oluikpe / _cedited by B.N. Anasiudu, G.I. Nwaozuzu, C.N. Okebalama. |
| 260 |
_aOnitsha, Nigeria : _bAfricana-First Publishers, _c2007. |
||
| 300 |
_axli, 355 p. : _bill. ; _c21 cm. |
||
| 505 | _aSection A: Language and literature in Nigeria: State of the Art Section B: Language and literature for national Development Section C: Oral Literature in Contemporary Nigeria Section D: Approaches and methods in Language and literature Teaching Section E: Issues and Trends in Teaching Language and Literature Teaching in Nigeria Section F: Contribution of psychology and sociology in Language Acquisition and Learning | ||
| 650 | 0 |
_aLanguage and languages _xStudy and teaching |
|
| 650 | 0 |
_aNigerian literature _xStudy and teaching. |
|
| 650 | 0 | _aLanguage policy | |
| 700 | 1 | _aAnasiudu, B. N.(ed.) | |
| 700 | 1 | _aNwaozuzu, G. I.(ed.) | |
| 700 | 1 | _aOkebalama, Chibiko N.(ed.) | |
| 942 | _cBK | ||